000 00536nam a22001577a 4500
005 20120507113230.0
020 _a8172401108
_c300.00
035 _aA-897109
037 _aDPL
_bENG
245 _aIndustrial relations in Indian states /
_cedited by C.S. enkata Ratnam
260 _aDelhi
_bGlobal Business Press
_c1996
300 _axii, 476p.
_c20 cms.
700 _aRatnam, C.S. enkata
_946530
942 _2ddc
_cEN
_h331
_mVEN
999 _c66260
_d66260